[Event "Bunratty Masters 2019"]
[Site "Bunratty IRL"]
[Date "2019.02.24"]
[Round "6.1"]
[White "Hunt, Adam"]
[Black "McShane, Luke"]
[Result "1/2-1/2"]
[WhiteTitle "IM"]
[BlackTitle "GM"]
[WhiteElo "2397"]
[BlackElo "2663"]
[WhiteClub "Blackthorne Russia ENG"]
[BlackClub "Wood Green ENG"]
[WhiteNationality "ENG"]
[BlackNationality "ENG"]
[WhiteFideId "403970"]
[BlackFideId "404853"]
[PlyCount "140"]
[EventDate "2019.02.22"]
[Source "Live boards / tournament organizers"]
[ICUid "48729"]

{ Annotator: "TA", <a
href="https://en.chessbase.com/post/bunratty-chess-festival-2019">ChessBase.com</a>,
February 26, 2019. } { Event information: <a
href="https://www.irlchess.com/bunratty2019_allfiles/pairings_bunratty2019.html">Tournament
report</a>. }

1. e4 e5 2. Nf3 Nc6 3. Bb5 Nf6 4. d3 Bc5 5. O-O Nd4 6. Nxd4 Bxd4 7. Nd2 c6
8. Ba4 d6 9. c3 Bb6 10. Nc4 Bc7 11. Ne3 Be6 12. Bb3 O-O 13. Bxe6 fxe6 14.
Ng4 Nd7 15. Bd2 d5 16. Qe2 Qe8 17. f3 Qg6 18. Kh1 a5 19. Rad1 a4 20. Be1
Rae8 21. Bg3 h5 22. Nf2 Bd8 23. Nh3 b5 24. b3 a3 25. b4 Bb6 26. Qc2 Qh6 27.
c4 bxc4 28. dxc4 Bd4 29. c5 Nf6 30. Bh4 Qg6 31. Nf4 exf4 32. Rxd4 Rb8 33.
Qb3 Kh7 34. e5 Nd7 35. Be7 Nxe5 36. Bxf8 Rxf8 37. Qxa3 Nc4 38. Qd3 e5 39.
Qxg6+ Kxg6 40. Rd3 Ra8 41. Ra1 Na3 42. Rc1 Nb5 43. a3 Kf5 44. Kg1 g5 45.
Kf2 e4 46. fxe4+ dxe4 47. Rb3 e3+ 48. Ke1 Ke4 49. Rc4+ Kd5 50. Rc1 g4 51.
g3 Nd4 52. Rd1 Kc4 53. Rxd4+ Kxd4 54. gxf4 Ke4 55. Ke2 Kxf4 56. Rxe3 h4 57.
Kf2 Rd8 58. a4 Rd2+ 59. Re2 g3+ 60. hxg3+ hxg3+ 61. Kf1 Rd3 62. Kg2 Rb3 63.
b5 cxb5 64. axb5 Rxb5 65. Rc2 Rb7 66. c6 Rc7 67. Rc4+ Ke5 68. Kxg3 Kd5 69.
Rc1 Rxc6 70. Rxc6 Kxc6 1/2-1/2

[Event "Bunratty Masters 2019"]
[Site "Bunratty IRL"]
[Date "2019.02.24"]
[Round "6.2"]
[White "Turner, Matthew"]
[Black "Short, Nigel"]
[Result "1/2-1/2"]
[WhiteTitle "GM"]
[BlackTitle "GM"]
[WhiteElo "2519"]
[BlackElo "2648"]
[WhiteClub "Barbican ENG"]
[BlackClub "Guildford ENG"]
[WhiteNationality "SCO"]
[BlackNationality "ENG"]
[WhiteFideId "402893"]
[BlackFideId "400025"]
[PlyCount "40"]
[EventDate "2019.02.22"]
[Source "Live boards / tournament organizers"]
[ICUid "48727"]

{ Annotator: "TA", <a
href="https://en.chessbase.com/post/bunratty-chess-festival-2019">ChessBase.com</a>,
February 26, 2019. } { Event information: <a
href="https://www.irlchess.com/bunratty2019_allfiles/pairings_bunratty2019.html">Tournament
report</a>. }

1. Nf3 d5 2. d4 Nc6 3. c4 Bg4 4. cxd5 Bxf3 5. gxf3 Qxd5 6. e3 e6 7. Nc3 Qh5
8. f4 Qxd1+ 9. Kxd1 O-O-O 10. Bg2 Nf6 11. Bd2 Ne7 12. Rc1 Kb8 13. Ke2 Nf5
14. Rhd1 h6 15. Ne4 Nxe4 16. Bxe4 c6 17. d5 cxd5 18. Bxf5 exf5 19. Bc3 f6
20. Rd3 Be7 1/2-1/2

[Event "Bunratty Masters 2019"]
[Site "Bunratty IRL"]
[Date "2019.02.24"]
[Round "6.3"]
[White "Hebden, Mark"]
[Black "Williams, Simon"]
[Result "1-0"]
[WhiteTitle "GM"]
[BlackTitle "GM"]
[WhiteElo "2417"]
[BlackElo "2471"]
[WhiteClub "Syston ENG"]
[BlackClub "Cheddleton ENG"]
[WhiteNationality "ENG"]
[BlackNationality "ENG"]
[WhiteFideId "400084"]
[BlackFideId "468533"]
[PlyCount "77"]
[EventDate "2019.02.22"]
[Source "Live boards / tournament organizers"]
[ICUid "48732"]

{ Annotator: "TA", <a
href="https://en.chessbase.com/post/bunratty-chess-festival-2019">ChessBase.com</a>,
February 26, 2019. } { Event information: <a
href="https://www.irlchess.com/bunratty2019_allfiles/pairings_bunratty2019.html">Tournament
report</a>. }

1. d4 e6 2. Nf3 f5 3. g3 Nf6 4. Bg2 Be7 5. O-O O-O 6. c4 d6 7. Nc3 Ne4 8.
Nxe4 fxe4 9. Nd2 d5 10. f3 Nc6 11. fxe4 Rxf1+ 12. Nxf1 dxc4 13. Be3 Bd7 14.
Bf2 b5 15. e5 Rb8 16. Nd2 Be8 17. Ne4 Nb4 18. b3 Nd5 19. Qc2 cxb3 20. axb3
a5 21. Nc5 Bxc5 22. Qxc5 a4 23. e4 Nb6 24. bxa4 Nxa4 25. Qb4 Nb6 26. d5 Nc4
27. Bd4 c6 28. Qc5 cxd5 29. exd5 Rc8 30. Qa7 Rc7 31. Qa8 Rc8 32. Qa7 b4 33.
dxe6 Rc7 34. e7 Qd7 35. e6 Qxe7 36. Qb8 Na3 37. Rf1 Nb5 38. Bd5 Nxd4 39.
Qxe8+ 1-0

[Event "Bunratty Masters 2019"]
[Site "Bunratty IRL"]
[Date "2019.02.24"]
[Round "6.4"]
[White "Collins, Sam"]
[Black "Howell, David"]
[Result "0-1"]
[WhiteTitle "IM"]
[BlackTitle "GM"]
[WhiteElo "2429"]
[BlackElo "2689"]
[WhiteICU "2399"]
[WhiteClub "Gonzaga"]
[BlackClub "Cheddleton ENG"]
[WhiteNationality "IRL"]
[BlackNationality "ENG"]
[WhiteFideId "2501198"]
[BlackFideId "410608"]
[PlyCount "106"]
[EventDate "2019.02.22"]
[Source "Live boards / tournament organizers"]
[ICUid "48728"]

{ Annotator: "TA", <a
href="https://en.chessbase.com/post/bunratty-chess-festival-2019">ChessBase.com</a>,
February 26, 2019. } { Event information: <a
href="https://www.irlchess.com/bunratty2019_allfiles/pairings_bunratty2019.html">Tournament
report</a>. }

1. e4 e5 2. Nf3 Nc6 3. Bb5 a6 4. Ba4 Nf6 5. O-O Be7 6. Re1 b5 7. Bb3 d6 8.
c3 O-O 9. h3 Na5 10. Bc2 c5 11. d4 Nd7 12. Nbd2 exd4 13. cxd4 Nc6 14. d5
Nce5 15. a4 Bb7 16. Nxe5 Nxe5 17. f4 Ng6 18. Nf3 Re8 19. f5 Nf8 20. Bf4 Nd7
21. Kh2 Qb6 22. b3 Bf6 23. Ra2 Rac8 24. Qd2 b4 25. Qf2 a5 26. Qg3 Ne5 27.
Bxe5 Bxe5 28. Nxe5 Rxe5 29. f6 g6 30. Bd3 Kh8 31. Rc2 Rce8 32. Bb5 Rg8 33.
Bd3 Rge8 34. Bb5 Rg8 35. Bd3 Bc8 36. Rec1 Qb8 37. Qf3 Bd7 38. Rh1 g5 39. g4
Rg6 40. Rf1 Qd8 41. Rff2 Rh6 42. Kg1 Rg6 43. Kf1 Qe8 44. Ra2 Rh6 45. Rac2
Rg6 46. Ra2 Rh6 47. Rac2 Rh4 48. Rh2 Qd8 49. Rhf2 Qe8 50. Ra2 h6 51. Rae2
Kh7 52. Re3 h5 53. Qe2 hxg4 0-1

[Event "Bunratty Masters 2019"]
[Site "Bunratty IRL"]
[Date "2019.02.24"]
[Round "6.5"]
[White "Fitzsimons, David"]
[Black "Lopez, Alex"]
[Result "1-0"]
[WhiteTitle "IM"]
[BlackTitle "IM"]
[WhiteElo "2301"]
[BlackElo "2427"]
[WhiteICU "2314"]
[BlackICU "2464"]
[WhiteClub "Elm Mount"]
[BlackClub "Cork"]
[WhiteNationality "IRL"]
[BlackNationality "IRL"]
[WhiteFideId "2501961"]
[BlackFideId "2501430"]
[PlyCount "145"]
[EventDate "2019.02.22"]
[Source "Live boards / tournament organizers"]
[ICUid "48731"]

{ Annotator: "TA", <a
href="https://en.chessbase.com/post/bunratty-chess-festival-2019">ChessBase.com</a>,
February 26, 2019. } { Event information: <a
href="https://www.irlchess.com/bunratty2019_allfiles/pairings_bunratty2019.html">Tournament
report</a>. }

1. e4 c6 2. d4 d5 3. exd5 cxd5 4. Bd3 Nc6 5. c3 g6 6. Nf3 Bg7 7. O-O Nf6 8.
Bf4 Bf5 9. Bxf5 gxf5 10. Qb3 Qd7 11. Be5 e6 12. Nbd2 O-O 13. Bxf6 Bxf6 14.
Ne1 b5 15. Qxb5 Rfb8 16. Qd3 Rxb2 17. Nb3 Qc7 18. Qd1 Na5 19. Nd3 Nxb3 20.
axb3 Qxc3 21. Nxb2 Qxb2 22. Ra4 Rc8 23. Qa1 Rc2 24. Qxb2 Rxb2 25. Rd1 Rxb3
26. Kf1 h5 27. Ke2 Kg7 28. Rd3 Rb2+ 29. Kf3 a5 30. g3 Bd8 31. Ke3 Kg6 32.
Kf3 Bb6 33. Kg2 Kg5 34. h4+ Kg6 35. Rda3 f4 36. gxf4 Kf5 37. Kf3 Bd8 38.
Kg3 Be7 39. Rd3 Bb4 40. Kf3 Be1 41. Ra1 Bxf2 42. Rxa5 Bxh4 43. Ra7 f6 44.
Rh7 Kg6 45. Rh8 Bf2 46. Rg8+ Kf5 47. Rg2 Bxd4 48. Rxd4 Rb3+ 49. Kf2 h4 50.
Rg7 Rb2+ 51. Kf3 Rb3+ 52. Kg2 h3+ 53. Kh2 Rf3 54. Rh7 Kg4 55. f5+ Kxf5 56.
Rxh3 Rf2+ 57. Kg3 Ra2 58. Rh5+ Kg6 59. Rh1 Ra3+ 60. Kg4 Re3 61. Rg1 Ra3 62.
Re1 f5+ 63. Kh4 Kf6 64. Rb4 Ra6 65. Rb5 Rd6 66. Reb1 Ra6 67. Kg3 Rc6 68.
R1b3 Ke5 69. Kf3 Kf6 70. Rb6 Rc8 71. Re3 Re8 72. Kf4 d4 73. Re5 1-0

[Event "Bunratty Masters 2019"]
[Site "Bunratty IRL"]
[Date "2019.02.24"]
[Round "6.7"]
[White "O'Donnell, Conor"]
[Black "Wells, Peter"]
[Result "1/2-1/2"]
[WhiteTitle "FM"]
[BlackTitle "GM"]
[WhiteElo "2377"]
[BlackElo "2415"]
[WhiteICU "2342"]
[WhiteClub "Gonzaga"]
[BlackClub "White Rose ENG"]
[WhiteNationality "IRL"]
[BlackNationality "ENG"]
[WhiteFideId "2504243"]
[BlackFideId "400327"]
[PlyCount "23"]
[EventDate "2019.02.22"]
[Source "Live boards / tournament organizers"]

{ Event information: <a
href="https://www.irlchess.com/bunratty2019_allfiles/pairings_bunratty2019.html">Tournament
report</a>. }

1. d4 Nf6 2. c4 e6 3. Nc3 Bb4 4. Qc2 O-O 5. Nf3 d5 6. Bg5 h6 7. Bxf6 Qxf6
8. a3 Bxc3+ 9. Qxc3 c6 10. e3 Nd7 11. cxd5 exd5 12. Bd3 1/2-1/2

[Event "Bunratty Masters 2019"]
[Site "Bunratty IRL"]
[Date "2019.02.24"]
[Round "6.8"]
[White "Baburin, Alexander"]
[Black "Rawlinson, Aidan"]
[Result "1-0"]
[WhiteTitle "GM"]
[WhiteElo "2432"]
[BlackElo "2145"]
[WhiteICU "2433"]
[WhiteClub "Kilkenny"]
[BlackClub "Greater Manchester ENG"]
[WhiteNationality "IRL"]
[BlackNationality "ENG"]
[WhiteFideId "2500914"]
[BlackFideId "413496"]
[PlyCount "71"]
[EventDate "2019.02.22"]
[Source "Live boards / tournament organizers"]

{ Event information: <a
href="https://www.irlchess.com/bunratty2019_allfiles/pairings_bunratty2019.html">Tournament
report</a>. }

1. d4 g6 2. c4 Bg7 3. Nf3 Nf6 4. g3 O-O 5. Bg2 d6 6. O-O Nc6 7. Nc3 e5 8.
d5 Nb8 9. e4 a5 10. Ne1 Na6 11. Rb1 Nh5 12. a3 f5 13. b4 axb4 14. axb4 f4
15. Nd3 Qf6 16. Re1 f3 17. Bf1 g5 18. c5 Nxg3 19. hxg3 h5 20. Be3 Qh6 21.
Qd2 Bf6 22. b5 Nb8 23. c6 Bg4 24. Ra1 Rxa1 25. Rxa1 h4 26. Ra8 Kg7 27. b6
Rh8 28. Rxb8 Rxb8 29. bxc7 Rh8 30. cxb7 hxg3 31. fxg3 Qh1+ 32. Kf2 Bh3 33.
Qd1 Bg2 34. Ke1 Rh2 35. Nf2 Qxf1+ 36. Kd2 1-0

[Event "Bunratty Masters 2019"]
[Site "Bunratty IRL"]
[Date "2019.02.24"]
[Round "6.9"]
[White "Wolferink, Frans"]
[Black "Heidenfeld, Mark"]
[Result "0-1"]
[BlackTitle "IM"]
[WhiteElo "2086"]
[BlackElo "2358"]
[BlackICU "2293"]
[BlackClub "Kilkenny"]
[WhiteNationality "NED"]
[BlackNationality "IRL"]
[WhiteFideId "1003917"]
[BlackFideId "2500990"]
[PlyCount "80"]
[EventDate "2019.02.22"]
[Source "Live boards / tournament organizers"]

{ Event information: <a
href="https://www.irlchess.com/bunratty2019_allfiles/pairings_bunratty2019.html">Tournament
report</a>. }

1. e4 e5 2. Nf3 Nc6 3. Bc4 Be7 4. d4 d6 5. dxe5 dxe5 6. O-O Bg4 7. Be3 Nf6
8. Nc3 O-O 9. a3 a6 10. Qxd8 Raxd8 11. Ne1 Nd4 12. f3 Be6 13. Bxe6 Nxe6 14.
Nd3 Nd7 15. Rad1 c6 16. Rf2 Bg5 17. Bxg5 Nxg5 18. Rfd2 Ne6 19. Ne2 f6 20.
f4 exf4 21. Ndxf4 Ndc5 22. Nxe6 Rxd2 23. Rxd2 Nxe6 24. Nc3 Rf7 25. Kf2 Re7
26. Kf3 Kf7 27. h4 h5 28. b4 g5 29. g4 hxg4+ 30. Kxg4 gxh4 31. Kxh4 Ng5 32.
Re2 Ke6 33. Kh5 Ke5 34. Rd2 Rh7+ 35. Kg6 Rh3 36. Rd3 Rh2 37. Nd1 Nxe4 38.
Ne3 f5 39. a4 Ke6 40. Rd4 Re2 0-1

[Event "Bunratty Masters 2019"]
[Site "Bunratty IRL"]
[Date "2019.02.24"]
[Round "6.10"]
[White "McMorrow, John"]
[Black "Steil-Antoni, Fiona"]
[Result "1-0"]
[BlackTitle "WIM"]
[WhiteElo "2052"]
[BlackElo "2166"]
[WhiteICU "1997"]
[BlackICU "2139"]
[WhiteClub "Gonzaga"]
[BlackClub "Gonzaga"]
[WhiteNationality "IRL"]
[BlackNationality "LUX"]
[WhiteFideId "2501481"]
[BlackFideId "4001249"]
[PlyCount "57"]
[EventDate "2019.02.22"]
[Source "Live boards / tournament organizers"]

{ Event information: <a
href="https://www.irlchess.com/bunratty2019_allfiles/pairings_bunratty2019.html">Tournament
report</a>. }

1. e4 e5 2. Nf3 Nc6 3. Bc4 Bc5 4. c3 Nf6 5. d4 exd4 6. O-O Nxe4 7. cxd4 Bb6
8. Re1 d5 9. Bxd5 Qxd5 10. Nc3 Qh5 11. Rxe4+ Kf8 12. d5 Ne7 13. Bg5 f6 14.
d6 Nc6 15. d7 Bxd7 16. Qxd7 fxg5 17. Qf5+ Qf7 18. Qxg5 h6 19. Qg4 g5 20.
Rd1 Rd8 21. Rxd8+ Nxd8 22. Re5 Kg7 23. h4 Qf4 24. Qd7+ Kg6 25. Nd5 Qc1+ 26.
Kh2 Bc5 27. Ne7+ Bxe7 28. Qf5+ Kh5 29. g4# 1-0

[Event "Bunratty Masters 2019"]
[Site "Bunratty IRL"]
[Date "2019.02.24"]
[Round "6.11"]
[White "Vicas, Marijus"]
[Black "O'Connor, Jonathan"]
[Result "1-0"]
[WhiteElo "2212"]
[BlackElo "2208"]
[WhiteICU "2324"]
[WhiteClub "Gonzaga"]
[BlackClub "Dublin"]
[WhiteNationality "LTU"]
[BlackNationality "IRL"]
[WhiteFideId "12804541"]
[BlackFideId "2501112"]
[PlyCount "81"]
[EventDate "2019.02.22"]
[Source "Live boards / tournament organizers"]
[WhiteFullName "Vi&#269;as, Marijus"]

{ Event information: <a
href="https://www.irlchess.com/bunratty2019_allfiles/pairings_bunratty2019.html">Tournament
report</a>. }

1. e4 e5 2. Nf3 Nc6 3. Bb5 a6 4. Ba4 Nf6 5. O-O Be7 6. Re1 b5 7. Bb3 O-O 8.
h3 d6 9. c3 Na5 10. Bc2 c5 11. a4 b4 12. d3 Qc7 13. Nbd2 Rb8 14. Nf1 Be6
15. c4 Nc6 16. b3 Ne8 17. Ne3 Qd7 18. Kh2 g6 19. g4 Ng7 20. Rg1 Kh8 21. Qf1
f6 22. Qg2 Rg8 23. Nd5 Rbf8 24. Bh6 Bd8 25. Qg3 f5 26. Ng5 fxe4 27. dxe4
Nd4 28. Bd1 Bxd5 29. exd5 Bxg5 30. Bxg5 Qf7 31. Ra2 Qd7 32. f4 exf4 33.
Bxf4 Ne8 34. Rf2 Rf7 35. Rgf1 Rgf8 36. Bh6 Rxf2+ 37. Rxf2 Rxf2+ 38. Qxf2
Qe7 39. Bg5 Qe5+ 40. Bf4 Qe7 41. Qe3 1-0

[Event "Bunratty Masters 2019"]
[Site "Bunratty IRL"]
[Date "2019.02.24"]
[Round "6.12"]
[White "Li, Henry"]
[Black "Voiteanu, Gabriel"]
[Result "0-1"]
[WhiteTitle "FM"]
[BlackTitle "FM"]
[WhiteElo "2287"]
[BlackElo "2121"]
[WhiteICU "2232"]
[WhiteClub "Gonzaga"]
[WhiteNationality "IRL"]
[BlackNationality "ROU"]
[WhiteFideId "2508524"]
[BlackFideId "1208810"]
[PlyCount "84"]
[EventDate "2019.02.22"]
[Source "Live boards / tournament organizers"]

{ Event information: <a
href="https://www.irlchess.com/bunratty2019_allfiles/pairings_bunratty2019.html">Tournament
report</a>. }

1. e4 e5 2. Nf3 Nc6 3. Bb5 a6 4. Ba4 Nf6 5. O-O Be7 6. Re1 b5 7. Bb3 d6 8.
c3 O-O 9. h3 Nb8 10. d4 Nbd7 11. Nbd2 Bb7 12. Bc2 Re8 13. Nf1 Bf8 14. Ng3
g6 15. b3 Bg7 16. d5 Rc8 17. Bg5 c6 18. c4 bxc4 19. bxc4 Nc5 20. Qd2 a5 21.
Qe3 Ba6 22. Nd2 Qc7 23. Rac1 Rb8 24. Nb3 Nfd7 25. Bh6 f6 26. h4 a4 27. Nxc5
Nxc5 28. Bxg7 Kxg7 29. h5 Rb4 30. f4 Rxc4 31. Bb1 exf4 32. Qxf4 cxd5 33.
Rf1 Qe7 34. hxg6 hxg6 35. Qg4 Rxc1 36. Rxc1 Bc8 37. Qh4 Qe5 38. Ne2 dxe4
39. Qe1 Ba6 40. Rd1 Nd3 41. Qg3 Qc5+ 42. Kf1 Re5 0-1

[Event "Bunratty Masters 2019"]
[Site "Bunratty IRL"]
[Date "2019.02.24"]
[Round "6.13"]
[White "Horvath, Gabor"]
[Black "O'Gorman, Tom"]
[Result "1/2-1/2"]
[WhiteTitle "FM"]
[BlackTitle "FM"]
[WhiteElo "2252"]
[BlackElo "2248"]
[WhiteICU "2074"]
[BlackICU "2211"]
[WhiteClub "Galway"]
[BlackClub "Dun Laoghaire"]
[WhiteNationality "HUN"]
[BlackNationality "IRL"]
[WhiteFideId "720003"]
[BlackFideId "2508249"]
[PlyCount "45"]
[EventDate "2019.02.22"]
[Source "Live boards / tournament organizers"]
[WhiteFullName "Horv&aacute;th, G&aacute;bor"]

{ Event information: <a
href="https://www.irlchess.com/bunratty2019_allfiles/pairings_bunratty2019.html">Tournament
report</a>. }

1. e4 c5 2. c3 d5 3. exd5 Nf6 4. d4 Qxd5 5. Nf3 Bg4 6. Nbd2 e6 7. Bc4 Qd7
8. Qb3 Qc7 9. Ne5 Bf5 10. Bb5+ Nbd7 11. Ndc4 Rd8 12. Nxd7 Nxd7 13. Ne5 Bd6
14. Bxd7+ Ke7 15. Bb5 cxd4 16. Nf3 a6 17. Nxd4 axb5 18. Nxb5 Qc6 19. Nxd6
Rxd6 20. O-O Rhd8 21. Bg5+ f6 22. Be3 h5 23. Qb4 1/2-1/2

[Event "Bunratty Masters 2019"]
[Site "Bunratty IRL"]
[Date "2019.02.24"]
[Round "6.14"]
[White "Moynihan, Kieran"]
[Black "Pein, Jonathan"]
[Result "0-1"]
[WhiteElo "2115"]
[BlackElo "2126"]
[WhiteICU "2112"]
[WhiteClub "C.C.Y.M.S."]
[BlackClub "Hendon ENG"]
[WhiteNationality "IRL"]
[BlackNationality "ENG"]
[WhiteFideId "2500663"]
[BlackFideId "417092"]
[PlyCount "75"]
[EventDate "2019.02.22"]
[Source "Live boards / tournament organizers"]

{ Event information: <a
href="https://www.irlchess.com/bunratty2019_allfiles/pairings_bunratty2019.html">Tournament
report</a>. }

1. d4 g6 2. c4 Bg7 3. e4 Nc6 4. Be3 e5 5. Ne2 Nf6 6. f3 exd4 7. Nxd4 d6 8.
Nc3 O-O 9. Qd2 Re8 10. Be2 Nh5 11. Nxc6 bxc6 12. O-O a5 13. Rac1 Bb7 14.
Rfd1 Nf6 15. Bg5 Qc8 16. b3 Nd7 17. Na4 c5 18. Nc3 Bc6 19. Nd5 Qb7 20. Rb1
f6 21. Bf4 Nf8 22. Bd3 Ne6 23. Be3 Nd8 24. h3 Bd7 25. Qc2 Nc6 26. a3 Be6
27. Kh2 Rab8 28. Qd2 Qc8 29. Qc2 Qd7 30. Bd2 Nd4 31. Qa2 c6 32. Nf4 Bf7 33.
Ne2 Qc7 34. Kh1 Ne6 35. Bc3 Ng5 36. Qd2 d5 37. exd5 cxd5 38. cxd5 0-1

[Event "Bunratty Masters 2019"]
[Site "Bunratty IRL"]
[Date "2019.02.24"]
[Round "6.15"]
[White "Machin, Guillaume"]
[Black "Carroll, Peter"]
[Result "0-1"]
[WhiteTitle "CM"]
[WhiteElo "2159"]
[BlackElo "1953"]
[BlackICU "2010"]
[WhiteClub "Rueil Malmaison FRA"]
[BlackClub "Gonzaga"]
[WhiteNationality "FRA"]
[BlackNationality "IRL"]
[WhiteFideId "616648"]
[BlackFideId "2510243"]
[PlyCount "74"]
[EventDate "2019.02.22"]
[Source "Live boards / tournament organizers"]

{ Event information: <a
href="https://www.irlchess.com/bunratty2019_allfiles/pairings_bunratty2019.html">Tournament
report</a>. }

1. Nf3 Nf6 2. c4 g6 3. b4 Bg7 4. Bb2 O-O 5. g3 d5 6. cxd5 Nxd5 7. Bxg7 Kxg7
8. Qb3 e6 9. Qb2+ Qf6 10. d4 a6 11. Bg2 Nc6 12. a3 Rd8 13. Nbd2 Bd7 14. e3
Na7 15. h4 Bc6 16. g4 Kg8 17. g5 Qe7 18. h5 a5 19. hxg6 fxg6 20. Ne4 axb4
21. a4 Rf8 22. Ne5 Rf5 23. Ng4 Raf8 24. f4 h5 25. gxh6 Nc3 26. d5 exd5 27.
Nxc3 bxc3 28. h7+ Kh8 29. Qxc3+ Qg7 30. Ne5 d4 31. Qxd4 Rxe5 32. fxe5 Bxg2
33. Rg1 Nc6 34. Qc3 Nxe5 35. O-O-O Be4 36. Rg5 Nd3+ 37. Rxd3 Bxd3 0-1

[Event "Bunratty Masters 2019"]
[Site "Bunratty IRL"]
[Date "2019.02.24"]
[Round "6.16"]
[White "Walton, Alan J."]
[Black "O'Flaherty, Kevin"]
[Result "1-0"]
[WhiteTitle "CM"]
[WhiteElo "2140"]
[BlackElo "1872"]
[BlackICU "1815"]
[WhiteClub "3Cs ENG"]
[BlackClub "Univ. of Limerick"]
[WhiteNationality "ENG"]
[BlackNationality "IRL"]
[WhiteFideId "409898"]
[BlackFideId "2502283"]
[PlyCount "65"]
[EventDate "2019.02.22"]
[Source "Live boards / tournament organizers"]

{ Event information: <a
href="https://www.irlchess.com/bunratty2019_allfiles/pairings_bunratty2019.html">Tournament
report</a>. }

1. d4 d5 2. c4 c6 3. Nc3 Nf6 4. Nf3 Bf5 5. e3 e6 6. cxd5 exd5 7. Bd3 Ne4 8.
Bxe4 Bxe4 9. Nxe4 dxe4 10. Nd2 f5 11. Qb3 Qd7 12. O-O Na6 13. f3 exf3 14.
Nxf3 Bd6 15. Ng5 O-O-O 16. Nf7 Rhf8 17. Nxd8 Kxd8 18. e4 fxe4 19. Rxf8+
Bxf8 20. Bg5+ Kc7 21. Rd1 Qd5 22. Qxd5 cxd5 23. Rf1 Bd6 24. Rf7+ Kc6 25.
Rxg7 Nb4 26. Rxh7 Nc2 27. Bf6 Bf4 28. g4 Be3+ 29. Kf1 Nxd4 30. Bxd4 Bxd4
31. g5 Bxb2 32. g6 b5 33. Rxa7 1-0

[Event "Bunratty Masters 2019"]
[Site "Bunratty IRL"]
[Date "2019.02.24"]
[Round "6.17"]
[White "Fegan, Chris"]
[Black "Connell, Blair"]
[Result "0-1"]
[WhiteElo "2024"]
[BlackElo "2239"]
[WhiteClub "4NCL C.S.C. ENG"]
[BlackClub "Battersea ENG"]
[WhiteNationality "ENG"]
[BlackNationality "ENG"]
[WhiteFideId "410047"]
[BlackFideId "403725"]
[PlyCount "110"]
[EventDate "2019.02.22"]
[Source "Live boards / tournament organizers"]

{ Event information: <a
href="https://www.irlchess.com/bunratty2019_allfiles/pairings_bunratty2019.html">Tournament
report</a>. }

1. d4 e6 2. c4 Nf6 3. Nc3 Bb4 4. Nf3 Bxc3+ 5. bxc3 d6 6. g3 b6 7. Bg2 Bb7
8. O-O O-O 9. Re1 Nbd7 10. Rb1 Ne4 11. Qd3 Rb8 12. Nd2 Nxd2 13. Bxd2 Bxg2
14. Kxg2 Qc8 15. Rb4 c5 16. Rb5 Qa6 17. Rb2 Rbc8 18. Rc1 d5 19. cxd5 Qxd3
20. exd3 exd5 21. Be3 c4 22. Rb5 cxd3 23. Rxd5 Nf6 24. Re5 Rc4 25. Bd2 Rfc8
26. Re3 Ra4 27. Ra1 Nd5 28. Rxd3 Ra3 29. Rf3 g6 30. Kf1 Kg7 31. Kg2 Rc4 32.
h4 h5 33. Kh3 Rca4 34. Re1 Rxa2 35. Bg5 Rc4 36. Re5 Rxc3 37. Bf6+ Nxf6 38.
Rxc3 Rxf2 39. Rce3 Rd2 40. d5 Nxd5 41. Re2 Rxe2 42. Rxe2 Kf6 43. Rf2+ Ke6
44. g4 hxg4+ 45. Kxg4 a5 46. Re2+ Kd6 47. Kg5 b5 48. Rf2 Ke6 49. Re2+ Kd6
50. Rf2 Ke7 51. Re2+ Kf8 52. Rd2 Nc3 53. Rd7 Kg7 54. Rc7 b4 55. Ra7 b3 0-1